000 00426nam a2200157 4500
001 131252
003 ES-MaACL
005 20230906193940.0
007 t|
008 070214s1967 sp r ||||1| spa d
100 1 _aRodrigo, Francisco.
_998172
245 1 0 _aContabilidad marginal /
_cFrancisco Rodrigo.
260 _aBilbao :
_bDeusto,
_c1967.
300 _a99 p. :
_bil. ;
_c21 cm.
852 _aES-MaACL
_jC-32803
_bR.63420
999 _c131252
_d131252